Biología marina
Saved in:
| Main Authors: | , |
|---|---|
| Format: | Bog |
| Sprog: | spansk |
| Udgivet: |
Madrid
McGraw-Hill
2007
|
| Udgivelse: | 6a. ed |
| Fag: | |
| Online adgang: | Disponible Online |
| Tags: |
Tilføj Tag
Ingen Tags, Vær først til at tagge denne postø!
|
MARC
| LEADER | 00000cam a2200000 a 4500 | ||
|---|---|---|---|
| 001 | UCI3728 | ||
| 003 | CL-VaPUC | ||
| 005 | 20241111151333.0 | ||
| 008 | 071123e20070000SP |||||||||||||||||spa|d | ||
| 999 | |c 327846 |d 327844 | ||
| 020 | |a 9788448159412 | ||
| 040 | |c Pontificia Universidad Católica de Valparaíso | ||
| 082 | 0 | 4 | |a 578.77 |b CAS |2 21 |
| 100 | 0 | |a Castro, Peter |e author |9 525242 | |
| 245 | 1 | 0 | |a Biología marina |
| 250 | |a 6a. ed | ||
| 260 | |a Madrid |b McGraw-Hill |c 2007 | ||
| 300 | |a 486 p | ||
| 583 | |a last modification |c 20170802 04:46:45 |k Rodrigo Vera | ||
| 650 | 0 | |a Biología marina |9 259965 | |
| 650 | 0 | |a Microbiología |9 259706 | |
| 650 | 0 | |a Microbios |9 326597 | |
| 650 | 0 | |a Biología |9 262022 | |
| 650 | 0 | |a Océanos |9 344473 | |
| 650 | 0 | |a Agua de mar |9 358176 | |
| 650 | 0 | |a Recursos marinos |9 261196 | |
| 650 | 0 | |a Oceanografía |9 260014 | |
| 650 | 0 | |a Reproducción |9 269783 | |
| 650 | 0 | |a Vida marina |9 358177 | |
| 650 | 0 | |a Plancton |9 261727 | |
| 650 | 7 | |a MICROORGANISMOS MARINOS |2 CL-VaPUC |9 368542 | |
| 700 | 0 | |a Huber, Michael E |e author |9 525243 | |
| 852 | |a BIBCUR | ||
| 856 | |u http://bibliografiaobligatoria.pucv.cl.pucv.idm.oclc.org/index.php/bibliotecapucv/catalog/book/81 |y Disponible Online | ||
| 942 | |c BK |2 ddc | ||
| 945 | |d 20071123 00:00:00 |a jtorresc | ||
| 952 | |0 0 |1 0 |4 0 |6 578_770000000000000_CAS_2007 |7 0 |8 CCM |9 411327 |a BIBCUR |b BIBCUR |d 2019-11-22 |i 4390547 |l 5 |o 578.77 CAS 2007 |p 4390547 |r 2025-05-06 |s 2025-05-05 |w 2019-11-22 |y BK_R |k CIM | ||
| 952 | |0 0 |1 0 |4 0 |6 578_770000000000000_CAS_2007 |7 0 |8 CCM |9 411328 |a BIBCUR |b BIBCUR |d 2019-11-22 |i 4403770 |l 1 |o 578.77 CAS 2007 |p 4403770 |r 2025-04-30 |s 2025-04-30 |w 2019-11-22 |y BK_R |k CIM | ||
| 952 | |0 0 |1 0 |3 erb |4 0 |6 578_770000000000000_CAS_2007 |7 0 |8 CCM |9 411329 |a BIBCUR |b BIBCUR |i 5412722 |l 7 |o 578.77 CAS 2007 |p 5412722 |r 2025-04-22 |s 2023-11-17 |w 2019-11-22 |y BK_R |z Catalogado en:20170804 |k CIM | ||
| 952 | |0 0 |1 0 |3 erb |4 0 |6 578_770000000000000_CAS_2007 |7 0 |8 CCM |9 411330 |a BIBCUR |b BIBCUR |i 5475384 |l 2 |o 578.77 CAS 2007 |p 5475384 |r 2025-04-22 |s 2023-03-29 |w 2019-11-22 |y BK_R |z Catalogado en:20180615 |k CIM | ||
| 952 | |0 0 |1 0 |3 erb |4 0 |6 578_770000000000000_CAS_2007 |7 0 |8 CCM |9 411331 |a BIBCUR |b BIBCUR |i 5475392 |l 13 |m 1 |o 578.77 CAS 2007 |p 5475392 |q 2025-05-12 |r 2025-05-08 |s 2025-05-08 |w 2019-11-22 |y BK_R |z Catalogado en:20180615 |k CIM | ||